[Event "PRO League Group Stage"]
[Site "chess.com INT"]
[Date "2019.03.06"]
[Round "9"]
[White "Samadashvili, Martha"]
[Black "Horton, Andrew P"]
[Result "0-1"]
[WhiteTitle "WFM"]
[BlackTitle "IM"]
[WhiteElo "2106"]
[BlackElo "2388"]
[WhiteTeam "New York Marshalls"]
[BlackTeam "London Lions"]
[WhiteFideId "2097478"]
[BlackFideId "424269"]
[EventDate "2019.01.08"]

1. e4 e5 2. Nf3 Nc6 3. Bc4 Bc5 4. O-O Nf6 5. d3 d6 6. c3 Bb6 7. Nbd2 O-O 8. h3
Ne7 9. Re1 Ng6 10. Nf1 h6 11. Ng3 Nh7 12. Be3 Ng5 13. Bb3 Qf6 14. Nxg5 hxg5 15.
Nh5 Qe7 16. Qf3 Nf4 17. Nxf4 gxf4 18. Bxb6 axb6 19. d4 Qh4 20. Qd3 g6 21. Rad1
Kg7 22. Rd2 Qg5 23. Kf1 Rh8 24. Qf3 Qf6 25. Ke2 g5 26. Kd1 Rh4 27. Kc1 g4 28.
hxg4 Bxg4 29. Qd3 Rah8 30. f3 Bc8 31. Qc4 c6 32. dxe5 dxe5 33. Red1 Rh1 34. Kc2
Rxd1 35. Rxd1 Rh2 36. Rd2 Qg6 37. Qf1 b5 38. Qg1 Qg3 39. Qc5 Qg5 40. Qg1 Rh8 41.
Qc5 Qf6 42. Rd6 Qg5 43. Rd2 Re8 44. Qd6 Qg6 45. Qc5 Qf6 46. Rd6 Qg5 47. Rd2 Qe7
48. Qxe7 Rxe7 49. c4 bxc4 50. Bxc4 Bd7 51. Kd3 b5 52. Bb3 c5 53. Bd5 Be8 54. Ke2
Rc7 55. Rc2 Kf6 56. Kd2 Ke7 57. Kc3 Bd7 58. Rc1 Be6 59. Bxe6 Kxe6 60. Rd1 f5 61.
Rd5 fxe4 62. fxe4 Rc8 63. Kd3 Rg8 64. Rxc5 Rg3+ 65. Ke2 Rxg2+ 66. Kf3 Rxb2 67.
Rc6+ Kd7 68. Rc5 Kd6 69. Rd5+ Ke6 70. Rc5 b4 71. Rb5 Rxa2 72. Rxb4 Ra3+ 73. Kf2
Re3 74. Rb6+ Kf7 75. Rb4 Kf6 76. Rc4 Kg5 77. Ra4 Kg4 78. Rb4 Ra3 79. Rb5 Ra2+
80. Ke1 Kf3 81. Rxe5 Ke3 82. Kf1 f3 83. Kg1 Ra1+ 84. Kh2 f2 0-1

[Event "PRO League Group Stage"]
[Site "chess.com INT"]
[Date "2019.03.06"]
[Round "9"]
[White "Barbosa, Oliver"]
[Black "Thavandiran, Shiyam"]
[Result "1-0"]
[WhiteTitle "GM"]
[BlackTitle "IM"]
[WhiteElo "2552"]
[BlackElo "2410"]
[WhiteTeam "Montclair Sopranos"]
[BlackTeam "Montreal Chessbrahs"]
[WhiteFideId "5201640"]
[BlackFideId "2605058"]
[EventDate "2019.01.08"]

1. d4 Nf6 2. Bg5 b6 3. Bxf6 exf6 4. e3 Bb7 5. Nf3 g6 6. g3 Bg7 7. Bg2 O-O 8. O-O
f5 9. Nbd2 d6 10. Ne1 c6 11. Nd3 Nd7 12. Re1 Qc7 13. a4 a5 14. c3 Ba6 15. Nf4 d5
16. Qb3 Rab8 17. c4 dxc4 18. Nxc4 c5 19. Nd5 Qd8 20. Rad1 cxd4 21. exd4 Bf6 22.
Ne5 Bxe5 23. dxe5 Nc5 24. Qe3 Kg7 25. Nf6 Qc7 26. Rd4 h6 27. Qxh6+ 1-0

[Event "PRO League Group Stage"]
[Site "chess.com INT"]
[Date "2019.03.06"]
[Round "9"]
[White "Saric, Ivan"]
[Black "Checa, Nicolas"]
[Result "1-0"]
[WhiteTitle "GM"]
[BlackTitle "IM"]
[WhiteElo "2690"]
[BlackElo "2508"]
[WhiteTeam "Montreal Chessbrahs"]
[BlackTeam "Montclair Sopranos"]
[WhiteFideId "14508150"]
[BlackFideId "2069342"]
[EventDate "2019.01.08"]

1. e4 e6 2. d4 d5 3. Nc3 Bb4 4. e5 Ne7 5. a3 Bxc3+ 6. bxc3 c5 7. Qg4 Kf8 8. Qd1
Qa5 9. Bd2 Qa4 10. Qb1 c4 11. Nh3 Nbc6 12. Nf4 Ke8 13. Nh5 Rg8 14. g4 Kd8 15.
Bh3 Bd7 16. O-O Kc7 17. f4 Raf8 18. Kh1 f5 19. exf6 gxf6 20. f5 e5 21. dxe5 Nxe5
22. Bf4 Nc6 23. Qe1 Kc8 24. Nxf6 Rxf6 25. Bxe5 Rh6 26. Bg2 Rxg4 27. Bg3 Rf6 28.
Qd1 Rxf5 29. Rxf5 Bxf5 30. Qxd5 Qxc2 31. Re1 Bd7 32. Bh3 Qd3 33. Re8+ Nd8 34.
Qxd3 cxd3 35. Bxg4 Bxg4 36. Bh4 Kc7 37. Rxd8 Bd7 38. Bg5 d2 39. Rxd7+ Kxd7 40.
Bxd2 Kc6 41. Be3 a5 42. c4 1-0

[Event "PRO League Group Stage"]
[Site "chess.com INT"]
[Date "2019.03.06"]
[Round "9"]
[White "Noritsyn, Nikolay"]
[Black "Bartell, Thomas"]
[Result "1/2-1/2"]
[WhiteTitle "IM"]
[BlackTitle "IM"]
[WhiteElo "2484"]
[BlackElo "2353"]
[WhiteTeam "Montreal Chessbrahs"]
[BlackTeam "Montclair Sopranos"]
[WhiteFideId "2604922"]
[BlackFideId "2017849"]
[EventDate "2019.01.08"]

1. e4 c5 2. Nf3 d6 3. d4 cxd4 4. Nxd4 Nf6 5. Nc3 Nc6 6. Bg5 e6 7. Qd2 a6 8.
O-O-O Bd7 9. f3 Be7 10. h4 h6 11. Be3 h5 12. Kb1 Ne5 13. Bg5 b5 14. Qe1 Qc7 15.
f4 Neg4 16. a3 Rc8 17. Rh3 Qb8 18. Be2 g6 19. Bxg4 hxg4 20. Rhd3 e5 21. Nde2 Be6
22. Qf2 g3 23. Qxg3 Nh5 24. Qf3 f6 25. fxe5 dxe5 26. Bc1 Ng7 27. Nd5 Bxd5 28.
Rxd5 Rxh4 29. Qg3 g5 30. Qf3 Rc4 31. Ng3 Qc8 32. c3 Qg4 33. Qf2 Rh2 34. Ka1 Ne6
35. Nf5 Nd4 36. Ne3 Nb3+ 37. Ka2 Nxc1+ 38. Rxc1 Qxe4 39. Rcd1 Rc7 40. Qg3 Rh4
41. R5d3 a5 42. Nd5 Rb7 43. Qf2 Kf7 44. g3 Rh6 45. Nxe7 Rxe7 46. Qb6 Qc4+ 47.
Ka1 b4 48. cxb4 axb4 49. a4 b3 50. Qxb3 Qxb3 51. Rxb3 Ra7 52. Ra3 f5 53. b4 Rb6
54. Rb1 f4 55. gxf4 exf4 56. b5 Ra5 57. Ka2 Kg6 58. Kb3 g4 59. Kb4 Ra8 60. Rc1
g3 61. a5 Rbb8 62. b6 Kg5 63. Kb5 Rf8 64. b7 Rab8 65. a6 f3 66. Rf1 g2 67. Rg1
Kg4 68. Re3 Kg3 69. Re7 Kf2 70. Ree1 Kg3 71. Re7 Kf2 72. Ree1 Kg3 73. Re7 Kf2
74. Ree1 Kg3 75. Re7 1/2-1/2

[Event "PRO League Group Stage"]
[Site "chess.com INT"]
[Date "2019.03.06"]
[Round "9"]
[White "So, Wesley"]
[Black "Eljanov, Pavel"]
[Result "1-0"]
[WhiteTitle "GM"]
[BlackTitle "GM"]
[WhiteElo "2765"]
[BlackElo "2680"]
[WhiteTeam "Saint Louis Arch Bishops"]
[BlackTeam "Miami Champions"]
[WhiteFideId "5202213"]
[BlackFideId "14102951"]
[EventDate "2019.01.08"]

1. e4 e5 2. Nf3 Nc6 3. Bb5 Nf6 4. d3 Bc5 5. O-O Nd4 6. Nxd4 Bxd4 7. c3 Bb6 8.
Ba4 c6 9. Na3 d6 10. Bb3 h6 11. Nc4 Bc7 12. Qe2 Be6 13. f4 b5 14. Ne3 exf4 15.
Rxf4 O-O 16. Nf5 d5 17. e5 Nd7 18. d4 f6 19. Qg4 Bxf5 20. Rxf5 g5 21. h4 Qe8 22.
Bc2 Bd8 23. e6 Nb6 24. hxg5 h5 25. Qg3 Qg6 26. Bf4 Nc4 27. gxf6 Qxg3 28. f7+ Kg7
29. Bxg3 Ne3 30. Be5+ Kg6 31. Rf6+ 1-0

[Event "PRO League Group Stage"]
[Site "chess.com INT"]
[Date "2019.03.06"]
[Round "9"]
[White "Caruana, Fabiano"]
[Black "Iturrizaga Bonelli, Eduardo"]
[Result "1/2-1/2"]
[WhiteTitle "GM"]
[BlackTitle "GM"]
[WhiteElo "2828"]
[BlackElo "2637"]
[WhiteTeam "Saint Louis Arch Bishops"]
[BlackTeam "Miami Champions"]
[WhiteFideId "2020009"]
[BlackFideId "3901211"]
[EventDate "2019.01.08"]

1. e4 c5 2. Nf3 e6 3. d4 cxd4 4. Nxd4 a6 5. Nc3 b5 6. Bd3 Bb7 7. O-O Ne7 8. Re1
Nec6 9. Nxc6 Nxc6 10. Qg4 Ne5 11. Qg3 Ng6 12. e5 Be7 13. Ne4 O-O 14. Ng5 Rc8 15.
a4 Bd5 16. axb5 axb5 17. h4 d6 18. exd6 Qxd6 19. Qxd6 Bxd6 20. h5 Nf4 21. Bxh7+
Kh8 22. Be4 Nxh5 23. Bxd5 exd5 24. Ra6 Bc5 25. c3 b4 26. Bd2 bxc3 27. Bxc3 Kg8
28. Rd1 Nf4 29. Be5 f6 30. Bxf4 Bxf2+ 31. Kxf2 fxg5 32. Rxd5 Rc2+ 33. Kg1 gxf4
34. Rg5 Rxb2 35. Ra7 Rf7 36. Rxf7 Kxf7 37. Rf5+ 1/2-1/2

[Event "PRO League Group Stage"]
[Site "chess.com INT"]
[Date "2019.03.06"]
[Round "9"]
[White "Wang, Tianqi"]
[Black "Bloomer, Josh"]
[Result "1-0"]
[WhiteElo "2329"]
[BlackElo "1950"]
[WhiteTeam "Miami Champions"]
[BlackTeam "Saint Louis Arch Bishops"]
[WhiteFideId "2063824"]
[BlackFideId "2020416"]
[EventDate "2019.01.08"]

1. Nf3 d5 2. c4 d4 3. e3 Nc6 4. d3 e5 5. exd4 exd4 6. Be2 Nf6 7. O-O Bc5 8. Na3
O-O 9. Nc2 h6 10. Rb1 a5 11. b3 Qd6 12. a3 Re8 13. h3 Bf5 14. Qd2 Qe6 15. Re1
Bxh3 16. Bf1 Qg4 17. Rxe8+ Rxe8 18. b4 axb4 19. axb4 Bd6 20. c5 Bf8 21. Bb2 Nh5
22. Re1 Bxg2 23. Nh2 Qg6 24. Bxg2 Nf4 25. Qxf4 Rxe1+ 26. Nxe1 1-0

[Event "PRO League Group Stage"]
[Site "chess.com INT"]
[Date "2019.03.06"]
[Round "9"]
[White "Postny, Evgeny"]
[Black "Escalante Ramirez, Brian Sebasti"]
[Result "0-1"]
[WhiteTitle "GM"]
[BlackTitle "IM"]
[WhiteElo "2623"]
[BlackElo "2446"]
[WhiteTeam "Pittsburgh Pawngrabbers"]
[BlackTeam "Webster Windmills"]
[WhiteFideId "2804344"]
[BlackFideId "3819566"]
[EventDate "2019.01.08"]

1. d4 Nf6 2. c4 c5 3. d5 e6 4. Nc3 exd5 5. cxd5 d6 6. Nf3 g6 7. Nd2 Bg7 8. e4
O-O 9. Be2 a6 10. a4 Nbd7 11. O-O Re8 12. Re1 Rb8 13. h3 h6 14. Rb1 g5 15. b4
cxb4 16. Rxb4 Nc5 17. Bf1 Ng4 18. hxg4 Bxc3 19. Rc4 Be5 20. Rb4 Bd7 21. Ba3 b5
22. axb5 axb5 23. Rb1 Qf6 24. Qf3 Qxf3 25. gxf3 Bc3 26. Red1 b4 27. Bb2 Na4 28.
Ba1 Bxa1 29. Rxa1 b3 30. Rdb1 b2 31. Ra3 Rec8 32. Bc4 Rb4 33. Bb3 Rc1+ 34. Kg2
Rd4 35. Rxa4 Rxd2 36. Ra8+ Kg7 37. Ba2 Rdd1 0-1

[Event "PRO League Group Stage"]
[Site "chess.com INT"]
[Date "2019.03.06"]
[Round "9"]
[White "Liang, Awonder"]
[Black "Grabinsky, Aaron"]
[Result "1/2-1/2"]
[WhiteTitle "GM"]
[WhiteElo "2589"]
[BlackElo "2350"]
[WhiteTeam "Pittsburgh Pawngrabbers"]
[BlackTeam "Webster Windmills"]
[WhiteFideId "2056437"]
[BlackFideId "2087090"]
[EventDate "2019.01.08"]

1. Nf3 Nf6 2. g3 b6 3. Bg2 Bb7 4. O-O e6 5. d3 d5 6. Nbd2 c5 7. e4 dxe4 8. Ng5
h6 9. Ngxe4 Nxe4 10. Nxe4 Nc6 11. a4 g6 12. Bd2 Bg7 13. a5 Rc8 14. axb6 axb6 15.
Qc1 g5 16. Bc3 Nd4 17. Bxd4 Qxd4 18. c3 Qd8 19. Nf6+ Qxf6 20. Bxb7 Rc7 21. Ra8+
Ke7 22. Rxh8 Bxh8 23. Bg2 Bg7 24. Re1 Ra7 25. Qc2 Kf8 26. Qb3 Qd8 27. Qc4 Bf6
28. f4 Qd6 29. fxg5 hxg5 30. Rf1 Kg7 31. Kh1 Qe5 32. Qb5 Ra2 33. Qb3 Ra6 34. Qc2
b5 35. Qf2 Ra2 36. Qc2 b4 37. Qb3 Ra7 38. d4 cxd4 39. cxb4 d3 40. Qxd3 Qxb2 41.
b5 Ra2 42. Qf3 Ra3 43. Qf2 Qxf2 44. Rxf2 Ra1+ 45. Rf1 Rxf1+ 46. Bxf1 Bd4 1/2-1/2

[Event "PRO League Group Stage"]
[Site "chess.com INT"]
[Date "2019.03.06"]
[Round "9"]
[White "Durarbayli, Vasif"]
[Black "Balakrishnan, Praveen"]
[Result "1-0"]
[WhiteTitle "GM"]
[BlackTitle "IM"]
[WhiteElo "2620"]
[BlackElo "2418"]
[WhiteTeam "Webster Windmills"]
[BlackTeam "Pittsburgh Pawngrabbers"]
[WhiteFideId "13402935"]
[BlackFideId "2064871"]
[EventDate "2019.01.08"]

1. e4 c6 2. d4 d5 3. exd5 cxd5 4. c4 Nf6 5. Nc3 Nc6 6. Bg5 dxc4 7. d5 Ne5 8. Qd4
h6 9. Qxe5 hxg5 10. Bxc4 Qd6 11. Qxg5 Rxh2 12. Rxh2 Qxh2 13. Bb5+ Bd7 14. Bxd7+
Nxd7 15. Kf1 Qh6 16. Qf5 Qf6 17. Qd3 Qa6 18. Nb5 Rc8 19. a4 Kd8 20. Ne2 Qb6 21.
a5 Qf6 22. Nxa7 Ra8 23. Nb5 Qxb2 24. Rb1 Qf6 25. Qd2 Qa6 26. Qf4 Qxa5 27. Qxf7
Rc8 28. Ned4 1-0

[Event "PRO League Group Stage"]
[Site "chess.com INT"]
[Date "2019.03.06"]
[Round "9"]
[White "Ashwin, Jayaram"]
[Black "Heimann, Alexander"]
[Result "1-0"]
[WhiteTitle "GM"]
[WhiteElo "2500"]
[BlackElo "2271"]
[WhiteTeam "Webster Windmills"]
[BlackTeam "Pittsburgh Pawngrabbers"]
[WhiteFideId "5018137"]
[BlackFideId "2006073"]
[EventDate "2019.01.08"]

1. d4 Nf6 2. c4 e6 3. Nc3 Bb4 4. e3 b6 5. Ne2 Ne4 6. Qc2 Bb7 7. a3 Bxc3+ 8. Nxc3
Nxc3 9. Qxc3 O-O 10. b4 a5 11. Bb2 d5 12. b5 Nd7 13. Rc1 Nf6 14. f3 c6 15. bxc6
Bxc6 16. cxd5 Bxd5 17. Bb5 Rc8 18. Qxc8 Qxc8 19. Rxc8 Rxc8 20. Kd2 Ne8 21. e4
Nd6 22. Ba6 Ra8 23. exd5 Rxa6 24. dxe6 fxe6 25. Rc1 b5 26. Rc7 Nc4+ 27. Kc3 Ne3
28. Kd2 Nd5 29. Rb7 Rb6 30. Ra7 a4 31. g3 Rc6 32. Kd3 Rc7 33. Ra5 Rb7 34. Bc1
Kf7 35. Bd2 Kf6 36. Ke4 Rc7 37. Kd3 Rb7 38. h4 h6 39. h5 Ne7 40. Bf4 Nd5 41.
Be5+ Kg5 42. g4 g6 43. hxg6 Kxg6 44. Ra8 b4 45. axb4 Rxb4 46. Ra7 Rb3+ 47. Ke2
Nf6 48. Rxa4 Rb2+ 49. Kf1 h5 50. Ra6 Nd5 51. gxh5+ Kxh5 52. Rxe6 Ne3+ 53. Ke1
Ng2+ 54. Kd1 Rf2 55. Rf6 Nh4 56. f4 Kg4 57. d5 Nf3 58. d6 Rd2+ 59. Kc1 Rd5 60.
Re6 Kf5 61. Re7 Nd4 62. Kb2 Ne6 63. Rf7+ Ke4 64. Kc3 Rd1 65. Kc4 Rd2 66. Re7 Kf5
67. d7 Rd1 68. Rf7+ Ke4 69. Re7 Kf5 70. Kb5 Nxf4 71. Bxf4 Kf6 72. Rh7 Kg6 73.
Rh6+ Kf5 74. Rd6 1-0

[Event "PRO League Group Stage"]
[Site "chess.com INT"]
[Date "2019.03.06"]
[Round "9"]
[White "Zhigalko, Sergei"]
[Black "Edouard, Romain"]
[Result "1/2-1/2"]
[WhiteTitle "GM"]
[BlackTitle "GM"]
[WhiteElo "2604"]
[BlackElo "2643"]
[WhiteTeam "New York Marshalls"]
[BlackTeam "London Lions"]
[WhiteFideId "13502956"]
[BlackFideId "633429"]
[EventDate "2019.01.08"]

1. e4 c5 2. Nf3 d6 3. d4 cxd4 4. Qxd4 Nf6 5. Nc3 Nc6 6. Bb5 e5 7. Qd3 a6 8. Bc4
h6 9. a3 Be7 10. O-O O-O 11. Rd1 Be6 12. h3 Rc8 13. Ba2 b5 14. Be3 Na5 15. Nd2
Qc7 16. Nf1 Nc4 17. Bxc4 bxc4 18. Qd2 Rfd8 19. Ng3 Rb8 20. Rab1 d5 21. exd5 Nxd5
22. Nxd5 Rxd5 23. Qc3 Qb7 24. Rxd5 Bxd5 25. f3 e4 26. Nf5 Bf8 27. f4 g6 28. Nd4
Bg7 29. Qd2 f5 30. c3 Bf7 31. Qf2 Kh7 32. Kh1 Bf8 33. Nc2 Qb3 34. Nb4 a5 35. Nc6
Qa2 36. Qc2 Rb3 37. Qd1 Be8 38. Nd4 Rb7 39. Ne6 Be7 40. Bc5 Rd7 41. Qc1 Bf7 42.
Bxe7 Bxe6 43. Bc5 Rd3 44. Bd4 Qb3 45. Kh2 Qb7 46. Qe1 Bd5 47. Qf2 Be6 48. Re1 g5
49. Re3 Qc7 50. Be5 Qc5 51. Bd4 Qd6 52. Be5 Qd5 53. Rg3 Rxg3 54. Qxg3 Qd2 55.
fxg5 hxg5 56. h4 Kg6 57. Qxg5+ Qxg5 58. hxg5 Kxg5 59. Kg3 a4 1/2-1/2

[Event "PRO League Group Stage"]
[Site "chess.com INT"]
[Date "2019.03.06"]
[Round "9"]
[White "Moranda, Wojciech"]
[Black "Haria, Ravi"]
[Result "1-0"]
[WhiteTitle "GM"]
[BlackTitle "IM"]
[WhiteElo "2593"]
[BlackElo "2450"]
[WhiteTeam "New York Marshalls"]
[BlackTeam "London Lions"]
[WhiteFideId "1122401"]
[BlackFideId "415820"]
[EventDate "2019.01.08"]

1. Nf3 Nf6 2. g3 e6 3. Bg2 d5 4. O-O Be7 5. c4 d4 6. e3 c5 7. exd4 cxd4 8. d3
Nc6 9. Re1 O-O 10. Na3 Ne8 11. Nc2 f6 12. Rb1 a5 13. a3 Nc7 14. Nd2 a4 15. f4
Ra6 16. b4 axb3 17. Rxb3 Ra8 18. Nb4 Na5 19. Rb1 Na6 20. Nf3 Bc5 21. Nh4 g6 22.
Bd2 Qd6 23. Kh1 Nc6 24. f5 gxf5 25. Bf4 Qd7 26. Nxa6 Rxa6 27. Rxe6 Qxe6 28. Bd5
Ne7 29. Bxe6+ Rxe6 30. Kg1 b6 31. Qh5 Bd7 32. Kf2 Be8 33. Qd1 Bc6 34. g4 Ng6 35.
gxf5 Nxf4 36. fxe6 Nxe6 37. Nf5 Kf7 38. Qh5+ Kg8 39. Qh6 1-0

[Event "PRO League Group Stage"]
[Site "chess.com INT"]
[Date "2019.03.06"]
[Round "9"]
[White "Horton, Andrew P"]
[Black "Azarov, Sergei"]
[Result "1/2-1/2"]
[WhiteTitle "IM"]
[BlackTitle "GM"]
[WhiteElo "2388"]
[BlackElo "2575"]
[WhiteTeam "London Lions"]
[BlackTeam "New York Marshalls"]
[WhiteFideId "424269"]
[BlackFideId "13501470"]
[EventDate "2019.01.08"]

1. Nf3 Nf6 2. c4 e6 3. g3 d5 4. Bg2 d4 5. O-O c5 6. e3 Nc6 7. exd4 cxd4 8. d3
Bd6 9. Re1 O-O 10. Bg5 h6 11. Bxf6 Qxf6 12. Nbd2 Qe7 13. a3 a5 14. Rc1 Rd8 15.
Qc2 Bc7 16. c5 a4 17. Qd1 Bd7 18. Ne4 Be8 19. Rc4 Ne5 20. Nxe5 Bxe5 21. Qc2 Bc7
22. Nd2 Ba5 23. Re4 Bc6 24. Rexd4 Rxd4 25. Rxd4 Bxg2 26. Kxg2 Bxd2 27. Qxd2 Qxc5
28. Qc3 Qe7 29. Qb4 Qc7 30. Qb5 Qc6+ 31. Qxc6 bxc6 32. Rc4 Rb8 33. Rxa4 Rxb2 34.
Rc4 Rb3 35. a4 Rxd3 36. Rxc6 Ra3 37. Ra6 g5 38. g4 Kg7 39. h3 Kg6 40. a5 h5 41.
Ra7 h4 42. Ra8 Kf6 43. Ra7 Kg6 44. Ra8 Kf6 45. Ra7 Kg6 46. Ra8 1/2-1/2

[Event "PRO League Group Stage"]
[Site "chess.com INT"]
[Date "2019.03.06"]
[Round "9"]
[White "Haydon, David L"]
[Black "Samadashvili, Martha"]
[Result "1-0"]
[WhiteTitle "FM"]
[BlackTitle "WFM"]
[WhiteElo "2294"]
[BlackElo "2106"]
[WhiteTeam "London Lions"]
[BlackTeam "New York Marshalls"]
[WhiteFideId "415405"]
[BlackFideId "2097478"]
[EventDate "2019.01.08"]

1. Nf3 d5 2. g3 Nf6 3. d4 c6 4. Bg2 Bf5 5. O-O e6 6. b3 Nbd7 7. c4 Bd6 8. Bb2
O-O 9. Nc3 h6 10. Rc1 Ne4 11. Nd2 Nxc3 12. Bxc3 Nf6 13. f3 Bh7 14. e4 Bc7 15. e5
Nd7 16. f4 c5 17. cxd5 cxd4 18. Bb4 Re8 19. d6 Bb6 20. Bxb7 Rb8 21. Be4 a5 22.
Bxh7+ Kxh7 23. Ba3 f6 24. Qf3 Rc8 25. Kg2 Kh8 26. exf6 Nxf6 27. Nc4 Kg8 28. Ne5
Rc3 29. Rxc3 dxc3 30. Qxc3 Nd5 31. Qc6 Ne3+ 32. Kh1 Nxf1 33. d7 Rf8 34. Qxe6+
Kh7 35. Bxf8 Qxf8 36. Qxb6 Qf5 37. Qg6+ 1-0

[Event "PRO League Group Stage"]
[Site "chess.com INT"]
[Date "2019.03.06"]
[Round "9"]
[White "Noritsyn, Nikolay"]
[Black "Barbosa, Oliver"]
[Result "1-0"]
[WhiteTitle "IM"]
[BlackTitle "GM"]
[WhiteElo "2484"]
[BlackElo "2552"]
[WhiteTeam "Montreal Chessbrahs"]
[BlackTeam "Montclair Sopranos"]
[WhiteFideId "2604922"]
[BlackFideId "5201640"]
[EventDate "2019.01.08"]

1. e4 c6 2. Nf3 d5 3. Nc3 Bg4 4. h3 Bh5 5. d3 e6 6. g4 Bg6 7. h4 dxe4 8. h5 exf3
9. hxg6 fxg6 10. Qxf3 Nd7 11. d4 Nb6 12. Bd3 Qf6 13. Qxf6 Nxf6 14. Bxg6+ Kd7 15.
g5 Nfd5 16. Nxd5 Nxd5 17. Rxh7 Rxh7 18. Bxh7 Bd6 19. Be4 Rh8 20. Ke2 Nf4+ 21.
Kf3 Rh1 22. Rb1 Nh3 23. c4 Rg1 24. g6 Ng5+ 25. Bxg5 Rxg5 26. b4 Rh5 27. Ke3 Rh3+
28. Bf3 Be7 29. b5 c5 30. Rd1 cxd4+ 31. Rxd4+ Kc7 32. Ke2 Bc5 33. Rf4 Kd6 34.
Rf7 Bd4 35. a4 e5 36. a5 b6 37. a6 Rh2 38. Bd5 Kc5 39. Rxa7 Rxf2+ 40. Kd3 Ra2
41. Rc7+ Kb4 42. Rxg7 Ra3+ 43. Ke4 Re3+ 44. Kf5 e4 45. Rd7 Rg3 46. Bxe4 1-0

[Event "PRO League Group Stage"]
[Site "chess.com INT"]
[Date "2019.03.06"]
[Round "9"]
[White "Checa, Nicolas"]
[Black "Sai, Krishna G V"]
[Result "1-0"]
[WhiteTitle "IM"]
[BlackTitle "IM"]
[WhiteElo "2508"]
[BlackElo "2409"]
[WhiteTeam "Montclair Sopranos"]
[BlackTeam "Montreal Chessbrahs"]
[WhiteFideId "2069342"]
[BlackFideId "5028280"]
[EventDate "2019.01.08"]

1. d4 Nf6 2. c4 g6 3. Nc3 Bg7 4. e4 d6 5. Nf3 O-O 6. Be2 e5 7. O-O Nc6 8. Be3
Ng4 9. Bg5 f6 10. Bc1 f5 11. Bg5 Qd7 12. d5 Nd8 13. Nd2 Nf7 14. Bh4 Nf6 15. f3
f4 16. c5 g5 17. Bf2 h5 18. cxd6 cxd6 19. Rc1 g4 20. Nb5 Bh6 21. Nc7 g3 22. hxg3
Ng5 23. Ne6 Nxe6 24. dxe6 Qg7 25. Bc4 Kh8 26. Qe2 fxg3 27. Be3 h4 28. Bxh6 Qxh6
29. f4 Nh5 30. fxe5 Nf4 31. Qg4 dxe5 32. Nf3 h3 33. Qg5 Qxg5 34. Nxg5 hxg2 35.
Rf3 Bxe6 36. Rxf4 exf4 37. Bxe6 f3 38. Bf5 Rad8 39. Nxf3 Kg7 40. Kxg2 Kf6 41.
Kxg3 Rd3 42. Kf4 Ke7 43. Rc7+ Kd8 44. Rxb7 Rf6 45. Rxa7 Rb6 46. b3 Rd1 47. Ne5
Rf1+ 48. Ke3 Re1+ 49. Kf2 Ra1 50. Nc4 Rxb3 51. axb3 Rxa7 52. Ke3 Ke7 53. Kd4 Rb7
54. Kc3 Kf6 55. b4 Ra7 56. b5 Ra1 57. Kb4 Rb1+ 58. Kc5 Ke7 59. b6 Kd8 60. e5 Rf1
61. Be4 Re1 62. Bd5 Rc1 63. e6 Rb1 64. Kd6 Ke8 65. b7 Kf8 66. Kc7 Ke7 67. b8=Q
Rxb8 68. Kxb8 Kd8 69. Kb7 Ke7 70. Kc7 Ke8 71. Kd6 Kd8 72. e7+ Kc8 73. e8=Q# 1-0

[Event "PRO League Group Stage"]
[Site "chess.com INT"]
[Date "2019.03.06"]
[Round "9"]
[White "Bartell, Thomas"]
[Black "Thavandiran, Shiyam"]
[Result "0-1"]
[WhiteTitle "IM"]
[BlackTitle "IM"]
[WhiteElo "2353"]
[BlackElo "2410"]
[WhiteTeam "Montclair Sopranos"]
[BlackTeam "Montreal Chessbrahs"]
[WhiteFideId "2017849"]
[BlackFideId "2605058"]
[EventDate "2019.01.08"]

1. d4 e6 2. c4 Bb4+ 3. Bd2 c5 4. Bxb4 cxb4 5. e4 a5 6. a3 Na6 7. axb4 Nxb4 8.
Nc3 Ne7 9. Nf3 O-O 10. Na2 Nec6 11. Nxb4 Nxb4 12. Bd3 d5 13. O-O b6 14. exd5
exd5 15. b3 Bg4 16. h3 Bh5 17. g4 Bg6 18. Bxg6 fxg6 19. Qe2 dxc4 20. bxc4 Qd7
21. Ra3 Rf4 22. Re3 Raf8 23. d5 h5 24. Ne5 Qd6 25. gxh5 gxh5 26. Kh1 b5 27. Rg1
bxc4 28. Ng6 Qxd5+ 29. f3 Nc6 30. Nxf4 Rxf4 31. Qg2 Qf7 32. Re6 Nd4 33. Rg6 Nf5
34. Qg5 Rxf3 35. Qd8+ Kh7 36. Kh2 Rf2+ 37. R6g2 Rxg2+ 38. Rxg2 Ne3 39. Re2 Qf4+
40. Kg1 Qg3+ 41. Kh1 Qf3+ 0-1

[Event "PRO League Group Stage"]
[Site "chess.com INT"]
[Date "2019.03.06"]
[Round "9"]
[White "Eljanov, Pavel"]
[Black "Caruana, Fabiano"]
[Result "1-0"]
[WhiteTitle "GM"]
[BlackTitle "GM"]
[WhiteElo "2680"]
[BlackElo "2828"]
[WhiteTeam "Miami Champions"]
[BlackTeam "Saint Louis Arch Bishops"]
[WhiteFideId "14102951"]
[BlackFideId "2020009"]
[EventDate "2019.01.08"]

1. Nf3 d5 2. g3 Bg4 3. Bg2 Nd7 4. O-O e6 5. h3 Bh5 6. d4 Ngf6 7. c4 c6 8. cxd5
exd5 9. Qb3 Nb6 10. Nc3 Be7 11. a4 a5 12. Ne5 Bg6 13. f4 Bf5 14. g4 Bc8 15. f5
O-O 16. Bf4 Ne8 17. e4 dxe4 18. Nxe4 Qxd4+ 19. Kh1 Nd5 20. Rad1 Qb4 21. Qg3 Nef6
22. Nxf6+ Bxf6 23. Bxd5 cxd5 24. g5 Bd8 25. f6 g6 26. Qh4 h5 27. gxh6 Kh7 28.
Nf3 Bf5 29. Rd4 Qxb2 30. Be5 Rc8 31. Rf4 Qe2 32. Re1 Qa6 33. Rxf5 gxf5 34. Rg1
Bc7 35. Rg7+ Kh8 36. Qg5 Qf1+ 37. Ng1 Rg8 38. h7 Rgf8 39. Rg8+ 1-0

[Event "PRO League Group Stage"]
[Site "chess.com INT"]
[Date "2019.03.06"]
[Round "9"]
[White "Iturrizaga Bonelli, Eduardo"]
[Black "So, Wesley"]
[Result "1/2-1/2"]
[WhiteTitle "GM"]
[BlackTitle "GM"]
[WhiteElo "2637"]
[BlackElo "2765"]
[WhiteTeam "Miami Champions"]
[BlackTeam "Saint Louis Arch Bishops"]
[WhiteFideId "3901211"]
[BlackFideId "5202213"]
[EventDate "2019.01.08"]

1. c4 e6 2. g3 d5 3. d4 dxc4 4. Bg2 c5 5. Nf3 Nc6 6. Qa4 Bd7 7. dxc5 Ne5 8. Qc2
Nxf3+ 9. Bxf3 Bxc5 10. Qxc4 Rc8 11. Qf4 Bd6 12. Qe3 Bc5 13. Qf4 Bd6 14. Qe3 Qa5+
15. Nc3 Bc6 16. O-O Nf6 17. Rd1 Bc5 18. Bxc6+ Rxc6 19. Qf3 O-O 20. Be3 Bxe3 21.
Qxe3 Qc5 22. Qxc5 Rxc5 23. Rd4 Rfc8 24. Rad1 Kf8 25. f3 Ke7 26. Kf2 g5 27. h4 h6
28. hxg5 hxg5 29. g4 Rc4 30. a3 1/2-1/2